000 00385nam a2200169Ia 4500
008 210210b1944 xxu||||| |||| 00| 0 eng d
041 _aeng
082 _a829/378
100 _aENGLAND (M)
245 _aKnight there was
260 _aLondon
_bMacmillan & Co. Ltd.
_c1944
650 _awas
650 _athere
650 _aKnight
690 _aEnglish Fiction
906 _a016982
999 _c136942
_d136942